[Event "VI Open A"]
[Site "Genova ITA"]
[Date "2002.08.06"]
[Round "5"]
[White "Astengo, Marcello"]
[Black "Durdevic, Radoslav"]
[Result "1-0"]
[WhiteElo "2124"]
[BlackElo "2124"]
[PlyCount "105"]
[EventDate "2002.08.03"]

1. d4 d5 2. Nf3 c6 3. Bf4 Bf5 4. e3 e6 5. Bd3 Ne7 6. O-O Nd7 7. Bxf5 Nxf5 8.
Nbd2 Qb6 9. Ne5 Nxe5 10. Bxe5 f6 11. Bf4 Kf7 12. c3 Bd6 13. g4 Bxf4 14. gxf5
Bh6 15. fxe6+ Kxe6 16. Nb3 g6 17. Qf3 Kf7 18. Qh3 Bf8 19. Qd7+ Be7 20. Nc5 Rad8
21. Qe6+ Ke8 22. e4 Qc7 23. exd5 Rd6 24. Qe3 cxd5 25. Rfe1 Kf7 26. Re2 b6 27.
Rae1 Bd8 28. Ne6 Qd7 29. Qh6 Rxe6 30. Rxe6 b5 31. R1e3 a5 32. Kf1 b4 33. Qf4
bxc3 34. bxc3 Rf8 35. Qd6 Qb5+ 36. Kg2 f5 37. R6e5 f4 38. Re1 Kg7 39. Qxd5 f3+
40. Kh1 Qb2 41. Qd7+ Kh6 42. Qh3+ Kg7 43. Qg3 Qxc3 44. d5 Qd2 45. a4 Rf7 46.
Qg1 Bf6 47. Rd1 Qc2 48. Re3 Bh4 49. Qe1 Qxa4 50. Re4 Qd7 51. Rxh4 g5 52. Qe5+
Kg6 53. Qe6+ 1-0

[Event "VI Open A"]
[Site "Genova ITA"]
[Date "2002.08.06"]
[Round "5"]
[White "De Santis, Alessio"]
[Black "Danieli, Enrico"]
[Result "0-1"]
[WhiteElo "2243"]
[BlackElo "2119"]
[PlyCount "66"]
[EventDate "2002.08.03"]

1. d4 Nf6 2. c4 e6 3. Nc3 d5 4. cxd5 exd5 5. Bg5 Be7 6. e3 c6 7. Qc2 O-O 8. Bd3
h6 9. Bh4 Re8 10. Nge2 Nbd7 11. f3 Nf8 12. g4 N6h7 13. Bg3 Bh4 14. Kf2 Qe7 15.
Qd2 Qf6 16. Kg2 Bxg3 17. hxg3 Qe7 18. e4 dxe4 19. Nxe4 Be6 20. Rh5 Bd5 21. Rah1
Bxe4 22. Bxe4 Ng5 23. Nc3 Qf6 24. f4 Nxe4 25. Qd3 Nxc3 26. bxc3 Qe6 27. Kf3
Rad8 28. Ra5 b5 29. Rh5 Rd5 30. f5 Qe7 31. g5 Rxf5+ 32. Qxf5 Qe2+ 33. Kf4 Ng6+
0-1

[Event "VI Open A"]
[Site "Genova ITA"]
[Date "2002.08.06"]
[Round "5"]
[White "Di Paolo, Raffaele"]
[Black "Popchev, Milko"]
[Result "1/2-1/2"]
[WhiteElo "2319"]
[BlackElo "2419"]
[PlyCount "107"]
[EventDate "2002.08.03"]

1. e4 b6 2. d4 Bb7 3. Bd3 e6 4. Nf3 c5 5. O-O cxd4 6. Nxd4 Nc6 7. Nxc6 Bxc6 8.
c4 d6 9. Nc3 Nf6 10. Re1 Be7 11. Qf3 O-O 12. Bf4 Nd7 13. Nd5 e5 14. Bd2 Bg5 15.
Bc3 Nc5 16. Bc2 Bxd5 17. cxd5 a5 18. a4 g6 19. g3 Bh6 20. Qg4 Rc8 21. h4 Rc7
22. Kg2 Bg7 23. h5 Qc8 24. Qh4 h6 25. Bd1 f5 26. hxg6 fxe4 27. Rxe4 Nxe4 28.
Qxe4 Rc4 29. Qe2 e4 30. Bb3 Rxc3 31. bxc3 Qxc3 32. Rb1 Bd4 33. Qxe4 Rxf2+ 34.
Kh3 Be5 35. Qg4 h5 36. Qe6+ Kg7 37. Qe7+ Kxg6 38. Qe6+ Kg7 39. Qe7+ Kh6 40.
Qe6+ Rf6 41. Qg8 Rg6 42. Qf8+ Kh7 43. Qf7+ Bg7 44. Qf2 Bd4 45. Qf7+ Bg7 46. Qf2
Kh8 47. Bc2 Rf6 48. Qg2 h4 49. Rb3 Qe1 50. Qe4 Qxe4 51. Bxe4 hxg3 52. Kxg3 Bh6
53. Rxb6 Kg7 54. Rb7+ 1/2-1/2

[Event "VI Open A"]
[Site "Genova ITA"]
[Date "2002.08.06"]
[Round "5"]
[White "Guido, Flavio"]
[Black "Dervishi, Erald"]
[Result "0-1"]
[WhiteElo "2327"]
[BlackElo "2523"]
[PlyCount "82"]
[EventDate "2002.08.03"]

1. e4 e5 2. Nf3 Nc6 3. Bc4 Nf6 4. d3 Be7 5. O-O O-O 6. Bb3 d6 7. c3 Kh8 8. Re1
Ng8 9. d4 Bg4 10. d5 Nb8 11. h3 Bxf3 12. Qxf3 Bg5 13. Nd2 Nd7 14. Bc2 Ne7 15.
Qh5 Bh6 16. c4 Nf6 17. Qf3 Qd7 18. Nf1 Bxc1 19. Raxc1 a5 20. Ne3 Nfg8 21. Nf5
g6 22. Nxe7 Qxe7 23. Qc3 Nf6 24. a3 a4 25. Qb4 c5 26. dxc6 bxc6 27. c5 dxc5 28.
Qc4 Rfd8 29. Bb1 Ra5 30. Ba2 Kg7 31. Qc3 Qc7 32. Bc4 Rd4 33. f3 Ne8 34. Rc2 Nd6
35. Bf1 c4 36. Rec1 Rb5 37. Qe3 Qb6 38. Qf2 Rb3 39. Bxc4 Nxc4 40. Rxc4 Rxb2 41.
Rxc6 Rd1+ 0-1

[Event "VI Open A"]
[Site "Genova ITA"]
[Date "2002.08.06"]
[Round "5"]
[White "Kogan, Artur"]
[Black "Isonzo, David"]
[Result "1-0"]
[WhiteElo "2530"]
[BlackElo "2337"]
[PlyCount "65"]
[EventDate "2002.08.03"]

1. d4 Nf6 2. Nf3 e6 3. c4 c5 4. d5 exd5 5. cxd5 d6 6. Nc3 g6 7. Bf4 Bg7 8. e3
O-O 9. h3 Re8 10. Nd2 b6 11. Nc4 Ne4 12. Nxe4 Rxe4 13. Bd3 Rxf4 14. exf4 b5 15.
Ne3 c4 16. Bc2 Bxb2 17. Rb1 Bc3+ 18. Kf1 Ba6 19. h4 b4 20. Kg1 Nd7 21. h5 Qf6
22. Qg4 Nc5 23. hxg6 hxg6 24. f5 Nd3 25. Rh3 Re8 26. fxg6 Qxg6 27. Qd7 Kf8 28.
Rg3 Qf6 29. Bxd3 cxd3 30. Rg8+ Kxg8 31. Qxe8+ Kh7 32. Qc6 Be5 33. Qxa6 1-0

[Event "VI Open A"]
[Site "Genova ITA"]
[Date "2002.08.06"]
[Round "5"]
[White "Mateo, Ramon"]
[Black "Ferretti, Folco"]
[Result "1-0"]
[WhiteElo "2416"]
[BlackElo "2279"]
[PlyCount "67"]
[EventDate "2002.08.03"]

1. e4 e5 2. Nf3 Nc6 3. Bb5 Nf6 4. d3 Ne7 5. Ba4 Ng6 6. h4 h5 7. Bg5 c6 8. Nbd2
Bc5 9. Qe2 b5 10. Bb3 d6 11. a4 Qb6 12. axb5 cxb5 13. c3 Ng4 14. d4 exd4 15.
cxd4 Bxd4 16. Nxd4 Qxd4 17. Qxb5+ Kf8 18. O-O Qe5 19. Qxe5 N4xe5 20. Bd5 Rb8
21. Rxa7 f6 22. Be3 Ne7 23. Rc1 Nxd5 24. exd5 Bf5 25. Bd4 Rh6 26. Bxe5 fxe5 27.
Nc4 Rc8 28. Rc3 Be4 29. Ne3 Rxc3 30. bxc3 Rf6 31. Kf1 g5 32. hxg5 Rg6 33. Ke2
Rxg5 34. f3 1-0

[Event "VI Open A"]
[Site "Genova ITA"]
[Date "2002.08.06"]
[Round "5"]
[White "Mollero, Michele"]
[Black "Taeger, Torsten"]
[Result "1/2-1/2"]
[WhiteElo "2153"]
[BlackElo "2117"]
[PlyCount "50"]
[EventDate "2002.08.03"]

1. e4 d6 2. d4 g6 3. Nf3 Bg7 4. Bc4 Nf6 5. Qe2 c6 6. Nc3 O-O 7. O-O d5 8. exd5
cxd5 9. Bb3 Nc6 10. Bg5 Bg4 11. Rad1 e6 12. h3 Bxf3 13. Qxf3 h6 14. Bh4 g5 15.
Bg3 Na5 16. Ne2 Ne4 17. Qd3 a6 18. f3 Nxg3 19. Nxg3 Qb6 20. Kh1 Rac8 21. Rd2
Nc4 22. Bxc4 dxc4 23. Qe3 e5 24. Nf5 exd4 25. Qf2 Qe6 1/2-1/2

[Event "VI Open A"]
[Site "Genova ITA"]
[Date "2002.08.06"]
[Round "5"]
[White "Scacco, Mauro"]
[Black "Plachkinova Georgieva, Tatjana"]
[Result "1-0"]
[WhiteElo "2070"]
[BlackElo "2149"]
[PlyCount "131"]
[EventDate "2002.08.03"]

1. e4 c5 2. Nf3 Nc6 3. Bb5 e6 4. Bxc6 bxc6 5. O-O Ne7 6. d3 Ng6 7. Ng5 e5 8.
Qh5 h6 9. Nxf7 Kxf7 10. f4 Kg8 11. Qxg6 Qf6 12. Qxf6 gxf6 13. fxe5 fxe5 14. c4
Be7 15. Nc3 Rb8 16. b3 d6 17. Be3 Be6 18. Rf3 Kh7 19. Raf1 Rhg8 20. Ne2 Rg7 21.
Rg3 Bg4 22. Rxg4 Rxg4 23. Ng3 Bg5 24. Bxg5 Rxg5 25. Rf7+ Rg7 26. Rf6 Rbg8 27.
Rf2 a5 28. Nh5 Ra8 29. Nxg7 Kxg7 30. Rb2 Rb8 31. Kf2 Kf6 32. Kf3 Kg5 33. Kg3 a4
34. h3 h5 35. Kf3 a3 36. Rf2 h4 37. Ke3 Kg6 38. Rf5 Re8 39. Kf3 d5 40. Kg4 dxe4
41. dxe4 Rd8 42. Rxe5 Rd2 43. Rxc5 Rxa2 44. Rxc6+ Kf7 45. Ra6 Rxg2+ 46. Kxh4 a2
47. Kh5 Ke7 48. c5 Rc2 49. Kg4 Rxc5 50. Rxa2 Rc3 51. Rb2 Ke6 52. b4 Ke5 53. b5
Kxe4 54. b6 Rc8 55. b7 Rb8 56. Re2+ Kd5 57. Re7 Kc6 58. Rg7 Kb6 59. h4 Ka7 60.
h5 Rd8 61. h6 Rd4+ 62. Kf5 Rd5+ 63. Ke4 Rh5 64. h7 Rh4+ 65. Kf3 Rh1 66. b8=Q+
1-0

[Event "VI Open A"]
[Site "Genova ITA"]
[Date "2002.08.07"]
[Round "6"]
[White "Danieli, Enrico"]
[Black "Astengo, Marcello"]
[Result "0-1"]
[WhiteElo "2119"]
[BlackElo "2124"]
[PlyCount "46"]
[EventDate "2002.08.03"]

1. d4 d5 2. Nf3 Nf6 3. Bg5 Ne4 4. Bh4 f6 5. e3 g5 6. Bg3 h5 7. h4 g4 8. Ng1
Nxg3 9. fxg3 Qd6 10. Ne2 e5 11. Nbc3 Be6 12. Qd3 Nc6 13. dxe5 fxe5 14. Qg6+ Kd7
15. Qd3 Rd8 16. a3 Bh6 17. Rd1 Kc8 18. b4 Rhf8 19. Nb5 Qe7 20. Nc1 Qf6 21. Qe2
d4 22. exd4 Bc4 23. dxe5 Rxd1+ 0-1

[Event "VI Open A"]
[Site "Genova ITA"]
[Date "2002.08.07"]
[Round "6"]
[White "De Santis, Alessio"]
[Black "Bernago, Federico"]
[Result "1-0"]
[WhiteElo "2243"]
[BlackElo "2052"]
[PlyCount "59"]
[EventDate "2002.08.03"]

1. d4 Nf6 2. c4 c5 3. d5 b5 4. cxb5 a6 5. f3 g6 6. e4 d6 7. Nc3 Bg7 8. a4 O-O
9. Ra3 Nfd7 10. Nh3 h6 11. Nf2 Kh7 12. Be2 axb5 13. Bxb5 Na6 14. O-O Nb4 15.
Be3 Ba6 16. Bxa6 Rxa6 17. f4 Nb6 18. Qe2 Qa8 19. Rfa1 Ra5 20. h4 f5 21. h5 fxe4
22. hxg6+ Kxg6 23. f5+ Kh7 24. Qg4 N6xd5 25. Bxh6 Bxh6 26. Qg6+ Kh8 27. Qxh6+
Kg8 28. Qg6+ Kh8 29. Nxd5 Nd3 30. Nxe7 1-0

[Event "VI Open A"]
[Site "Genova ITA"]
[Date "2002.08.07"]
[Round "6"]
[White "Dervishi, Erald"]
[Black "Mateo, Ramon"]
[Result "1/2-1/2"]
[WhiteElo "2523"]
[BlackElo "2416"]
[PlyCount "127"]
[EventDate "2002.08.03"]

1. e4 c5 2. Nf3 a6 3. c4 e6 4. Nc3 Qc7 5. Be2 Nf6 6. O-O b6 7. d4 cxd4 8. Nxd4
Bb7 9. Bd3 d6 10. Be3 Nbd7 11. Rc1 Be7 12. f3 O-O 13. Qd2 Rac8 14. Rfd1 Qb8 15.
Bf1 Bd8 16. Kh1 Bc7 17. Bg1 Rfe8 18. Nc2 Ne5 19. Ne3 Ng6 20. Qf2 h5 21. Rc2 h4
22. Rcd2 d5 23. cxd5 Bg3 24. hxg3 hxg3 25. Qe1 Qf4 26. Bh2 gxh2 27. Qf2 Rxc3
28. bxc3 Nh5 29. Bb5 axb5 30. Nf1 exd5 31. Qxb6 Re7 32. Qxb5 Ng3+ 33. Nxg3 Qxg3
34. Qc5 Rc7 35. Qb5 Nf4 36. exd5 Re7 37. Qb1 Bxd5 38. c4 Bc6 39. Rf1 g6 40.
Rd8+ Be8 41. Rd2 Kh7 42. Qb6 Nh5 43. Rd4 Bd7 44. Re4 Rxe4 45. fxe4 Be6 46. Rf3
Qe5 47. Qf2 Kg7 48. Qe3 Kg8 49. a4 Bg4 50. Qc3 Qxe4 51. Re3 Qc6 52. Qd4 Be6 53.
a5 Qa8 54. Ra3 Qa6 55. Rb3 Kh7 56. Rb8 f6 57. Qd8 Kh6 58. Qf8+ Kg5 59. Qc5+ f5
60. Rb6 Qxc4 61. Qe7+ Kh6 62. Qf8+ Kg5 63. Qe7+ Kh6 64. Qf8+ 1/2-1/2

[Event "VI Open A"]
[Site "Genova ITA"]
[Date "2002.08.07"]
[Round "6"]
[White "Goris, Antonius"]
[Black "Mollero, Michele"]
[Result "0-1"]
[WhiteElo "2076"]
[BlackElo "2153"]
[PlyCount "88"]
[EventDate "2002.08.03"]

1. e4 Nf6 2. e5 Nd5 3. d4 d6 4. c4 Nb6 5. f4 dxe5 6. fxe5 Nc6 7. Be3 Bf5 8. Nc3
e6 9. Nf3 Bg4 10. Be2 Bxf3 11. gxf3 Qh4+ 12. Bf2 Qf4 13. c5 Nd7 14. Qd2 Qxd2+
15. Kxd2 O-O-O 16. Bh4 Be7 17. Bxe7 Nxe7 18. Bd3 Nb8 19. Ne2 Nbc6 20. Ke3 Nd5+
21. Ke4 Nce7 22. Bc4 Nf5 23. Bxd5 Rxd5 24. Rad1 Rhd8 25. Rd3 g5 26. Rhd1 c6 27.
b4 Kd7 28. Nc3 Ke7 29. b5 f6 30. a4 Kf7 31. f4 g4 32. h3 h5 33. hxg4 hxg4 34.
Ne2 Rh8 35. bxc6 bxc6 36. Rb1 Rh2 37. Rb7+ Kg6 38. Ng3 Nxg3+ 39. Rxg3 f5+ 40.
Ke3 Rh3 41. Rxh3 gxh3 42. Re7 Rd7 43. Rxe6+ Kh7 44. Kf2 Rg7 0-1

[Event "VI Open A"]
[Site "Genova ITA"]
[Date "2002.08.07"]
[Round "6"]
[White "Isonzo, David"]
[Black "Di Paolo, Raffaele"]
[Result "1-0"]
[WhiteElo "2337"]
[BlackElo "2319"]
[PlyCount "77"]
[EventDate "2002.08.03"]

1. e4 e6 2. d4 d5 3. Nc3 Bb4 4. e5 b6 5. a3 Bf8 6. Bb5+ c6 7. Ba4 Ba6 8. Nce2
Bb5 9. Bb3 a5 10. c3 a4 11. Bc2 Qc8 12. Nf3 Qa6 13. Nf4 Be7 14. Nd3 c5 15. O-O
Nc6 16. Re1 Qa7 17. Nf4 Qd7 18. h4 cxd4 19. cxd4 Na5 20. Ng5 Bxg5 21. hxg5 g6
22. Ne2 Nc4 23. Nc3 Bc6 24. Qf3 Kd8 25. Qe2 b5 26. Na2 Qa7 27. Nb4 Be8 28. Rd1
Rc8 29. Rb1 Ne7 30. Qf3 Kd7 31. Be3 Nc6 32. Nxd5 exd5 33. Qxd5+ Ke7 34. b3 Rd8
35. Qf3 Nxe3 36. Qf6+ Kd7 37. fxe3 Rg8 38. bxa4 bxa4 39. Be4 1-0

[Event "VI Open A"]
[Site "Genova ITA"]
[Date "2002.08.07"]
[Round "6"]
[White "Jowett, Peter E."]
[Black "Gentile, Claudio"]
[Result "0-1"]
[WhiteElo "2204"]
[BlackElo "2114"]
[PlyCount "78"]
[EventDate "2002.08.03"]

1. e4 e5 2. Nf3 Nc6 3. Bb5 a6 4. Bxc6 dxc6 5. O-O Qd6 6. d4 exd4 7. Qxd4 Qxd4
8. Nxd4 Bd7 9. Nb3 Nf6 10. c4 Bg4 11. Re1 O-O-O 12. Bg5 Bb4 13. N1d2 h6 14. a3
hxg5 15. axb4 Rhe8 16. f3 Be6 17. g4 Rd3 18. Rac1 Nd7 19. Rc3 Ne5 20. Rxd3 Nxd3
21. Re3 Rd8 22. Nf1 Bxc4 23. Nbd2 Nxb2 24. Nxc4 Nxc4 25. Rc3 Ne5 26. Ng3 Rd1+
27. Kf2 Rd3 28. Rxd3 Nxd3+ 29. Ke3 Nxb4 30. Nf5 a5 31. Nxg7 a4 32. Kd2 a3 33.
Kc3 c5 34. Nf5 c4 35. Nd4 a2 36. Kb2 c3+ 37. Ka1 c5 38. Nb3 c2 39. Kb2 c4 0-1

[Event "VI Open A"]
[Site "Genova ITA"]
[Date "2002.08.07"]
[Round "6"]
[White "Popchev, Milko"]
[Black "Ferretti, Folco"]
[Result "1-0"]
[WhiteElo "2419"]
[BlackElo "2279"]
[PlyCount "89"]
[EventDate "2002.08.03"]

1. Nc3 d5 2. e4 Nf6 3. e5 Nfd7 4. f4 e6 5. Nf3 c5 6. g3 Nc6 7. Bg2 Be7 8. O-O
a6 9. Ne2 d4 10. c4 O-O 11. d3 Qc7 12. g4 f6 13. exf6 Nxf6 14. h3 Bd6 15. Ng5
Bd7 16. Ng3 h6 17. N5e4 Nxe4 18. Nxe4 Bxf4 19. Bxf4 Rxf4 20. Rxf4 Qxf4 21. Nxc5
Qf7 22. Qe2 Qe7 23. Nxd7 Qxd7 24. a3 Re8 25. Qe4 Qd6 26. Re1 Re7 27. b4 Nd8 28.
Qe5 Qxe5 29. Rxe5 Nf7 30. Ra5 Rc7 31. b5 axb5 32. Rxb5 Nd8 33. a4 Kf7 34. a5
Ke7 35. Kf2 Kd6 36. Rb6+ Kc5 37. Kg3 Rf7 38. h4 Rc7 39. Be4 Rf7 40. g5 hxg5 41.
hxg5 Rc7 42. g6 Nc6 43. Kf4 Kd6 44. a6 bxa6 45. Rxa6 1-0

[Event "VI Open A"]
[Site "Genova ITA"]
[Date "2002.08.07"]
[Round "6"]
[White "Sbarra, Marco"]
[Black "Scavazza, Giampaolo"]
[Result "1/2-1/2"]
[WhiteElo "2237"]
[BlackElo "1902"]
[PlyCount "89"]
[EventDate "2002.08.03"]

1. e4 c5 2. Nf3 d6 3. Bb5+ Bd7 4. Bxd7+ Qxd7 5. c4 Nc6 6. O-O g6 7. d4 cxd4 8.
Nxd4 Bg7 9. Be3 Nf6 10. f3 O-O 11. Nc3 Nxd4 12. Bxd4 Qc6 13. b3 Nd7 14. Bxg7
Kxg7 15. Qd4+ f6 16. Rfd1 Qc5 17. Qxc5 Nxc5 18. Nd5 Kf7 19. Kf2 Rac8 20. Rac1
a5 21. h4 Rc6 22. Nc3 Rfc8 23. Nb5 Ra8 24. Ke3 Na6 25. Nc3 Nc5 26. f4 Rg8 27.
g4 h6 28. Rh1 Rcc8 29. Nb5 Na6 30. Rcd1 Nb4 31. Rd2 Nc6 32. Nd4 Nb4 33. Rg1 Rh8
34. f5 g5 35. Rh1 Nc6 36. Nxc6 bxc6 37. c5 dxc5 38. hxg5 hxg5 39. Rdh2 Rxh2 40.
Rxh2 Rc7 41. e5 fxe5 42. Rh7+ Kf6 43. Rh6+ Kf7 44. Rh7+ Kf6 45. Rh6+ 1/2-1/2

[Event "VI Open A"]
[Site "Genova ITA"]
[Date "2002.08.07"]
[Round "6"]
[White "Scacco, Mauro"]
[Black "Mola, Pietro"]
[Result "1/2-1/2"]
[WhiteElo "2070"]
[BlackElo "2277"]
[PlyCount "70"]
[EventDate "2002.08.03"]

1. e4 c5 2. b4 cxb4 3. d4 d5 4. e5 Nc6 5. a3 e6 6. Nf3 Bd7 7. Bd3 Qb6 8. Be3
bxa3 9. O-O Nb4 10. Nxa3 Nxd3 11. Qxd3 Bxa3 12. Qxa3 Bc6 13. c4 Qd8 14. Bg5 Qd7
15. Rfd1 h6 16. cxd5 Bxd5 17. Bd2 Ne7 18. Bb4 Bxf3 19. Qxf3 O-O 20. Rdb1 b6 21.
Bxe7 Qxe7 22. Rxb6 axb6 23. Rxa8 Qb4 24. Rxf8+ Qxf8 25. Kf1 Qd8 26. Qe4 b5 27.
Ke2 b4 28. Ke3 Qb8 29. Qc2 b3 30. Qb2 Qb5 31. g3 Qc4 32. Kd2 Qf1 33. Kc3 Qd1
34. f4 Qf3+ 35. Kb4 Qd5 1/2-1/2

[Event "VI Open A"]
[Site "Genova ITA"]
[Date "2002.08.07"]
[Round "6"]
[White "Simeoni, Matteo"]
[Black "Guido, Flavio"]
[Result "0-1"]
[WhiteElo "2048"]
[BlackElo "2327"]
[PlyCount "46"]
[EventDate "2002.08.03"]

1. e4 c5 2. Nf3 e6 3. d4 cxd4 4. Nxd4 Nf6 5. Nc3 d6 6. g4 Nc6 7. g5 Nd7 8. h4
a6 9. Be3 Qc7 10. f4 b5 11. f5 Nde5 12. fxe6 fxe6 13. Bh3 Nc4 14. Bc1 Nxd4 15.
Qxd4 d5 16. Bg2 Bc5 17. Qd3 O-O 18. Rf1 Bb7 19. b3 Qh2 20. bxc4 Qxg2 21. Nd1
dxc4 22. Qe2 Rxf1+ 23. Qxf1 Qxc2 0-1

[Event "VI Open A"]
[Site "Genova ITA"]
[Date "2002.08.07"]
[Round "6"]
[White "Temi, Walter"]
[Black "Plachkinova Georgieva, Tatjana"]
[Result "0-1"]
[WhiteElo "2073"]
[BlackElo "2149"]
[PlyCount "88"]
[EventDate "2002.08.03"]

1. e4 c5 2. Nf3 Nc6 3. Bc4 e6 4. Qe2 Nge7 5. Nc3 a6 6. a4 d6 7. h4 Nd4 8. Nxd4
cxd4 9. Nd1 Nc6 10. d3 Be7 11. g3 Bd7 12. f3 d5 13. Bb3 dxe4 14. fxe4 Bd6 15.
Bf4 Qc7 16. Qf2 Be5 17. Bxe5 Nxe5 18. a5 O-O 19. Qf4 Qc5 20. O-O Rac8 21. Nf2
Ng6 22. Qg4 Kh8 23. Nh3 Ne5 24. Qh5 f6 25. Nf4 Qd6 26. Rf2 Be8 27. Qe2 Bf7 28.
h5 Nd7 29. Rh2 Rc5 30. Qg4 Rg5 31. Qh4 Ne5 32. Rf1 h6 33. Rg2 Ng4 34. Nh3 Ne3
35. Nxg5 fxg5 36. Qh3 Nxf1 37. Kxf1 Bxh5+ 38. Rf2 Rxf2+ 39. Kxf2 Qf8+ 40. Kg1
Qf3 41. Bxe6 Qe3+ 42. Kh2 Bf3 43. Qf1 g4 44. Bf7 h5 0-1

[Event "VI Open A"]
[Site "Genova ITA"]
[Date "2002.08.07"]
[Round "6"]
[White "Todorov, Ognjan"]
[Black "Kogan, Artur"]
[Result "1-0"]
[WhiteElo "2376"]
[BlackElo "2530"]
[PlyCount "90"]
[EventDate "2002.08.03"]

1. d4 d6 2. Nf3 Nd7 3. c4 e5 4. Nc3 g6 5. g3 Bg7 6. Bg2 Ne7 7. O-O O-O 8. e4 a6
9. Re1 exd4 10. Nxd4 Ne5 11. Qe2 c5 12. Nc2 Bg4 13. f3 Be6 14. Ne3 b5 15. cxb5
c4 16. bxa6 Qb6 17. Kh1 Nd3 18. Rf1 Qxa6 19. f4 Rfe8 20. f5 gxf5 21. Qh5 f4 22.
gxf4 f5 23. exf5 Qa5 24. Ne4 Nxf5 25. Nxf5 Bxf5 26. Nxd6 Nf2+ 27. Kg1 Nh3+ 28.
Kh1 Qc5 29. Be3 Qxd6 30. Qxf5 Rxe3 31. Qd5+ Qxd5 32. Bxd5+ Kf8 33. Bxa8 Bxb2
34. Rae1 Nf2+ 35. Kg2 Rxe1 36. Rxe1 Nd3 37. Rd1 Nxf4+ 38. Kf3 c3 39. Be4 Ne6
40. Ke3 Ng5 41. Bc2 h6 42. a4 Ne6 43. a5 Nc5 44. Rd6 Nb7 45. Rd5 Nd6 1-0

[Event "VI Open A"]
[Site "Genova ITA"]
[Date "2002.08.08"]
[Round "7"]
[White "Astengo, Marcello"]
[Black "Taeger, Torsten"]
[Result "0-1"]
[WhiteElo "2124"]
[BlackElo "2117"]
[PlyCount "58"]
[EventDate "2002.08.03"]

1. d4 g6 2. c4 Bg7 3. Nc3 d6 4. e4 Nf6 5. Bd3 O-O 6. Nge2 e5 7. d5 Nbd7 8. f3
Nc5 9. Bc2 a5 10. Bg5 Bd7 11. O-O h6 12. Be3 Rb8 13. Rb1 b6 14. a3 Qe7 15. b4
Nb7 16. Ba4 axb4 17. axb4 Ra8 18. Bc6 Bxc6 19. dxc6 Nd8 20. Nd5 Nxd5 21. cxd5
f5 22. Qc2 fxe4 23. fxe4 Nf7 24. Ra1 h5 25. Ra4 Bh6 26. Bf2 Rxa4 27. Qxa4 Ng5
28. Nc3 h4 29. Bxb6 Nh3+ 0-1

[Event "VI Open A"]
[Site "Genova ITA"]
[Date "2002.08.08"]
[Round "7"]
[White "Dervishi, Erald"]
[Black "Popchev, Milko"]
[Result "1/2-1/2"]
[WhiteElo "2523"]
[BlackElo "2419"]
[PlyCount "118"]
[EventDate "2002.08.03"]

1. e4 d5 2. exd5 Nf6 3. d4 Nxd5 4. c4 Nf6 5. Nf3 c6 6. Be2 Bg4 7. O-O e6 8. h3
Bh5 9. Nc3 Be7 10. Bf4 O-O 11. Qb3 Bxf3 12. Bxf3 Qxd4 13. Qxb7 Qxf4 14. Qxe7
Qxc4 15. Rac1 Nbd7 16. Qd6 Qc5 17. Qxc6 Rab8 18. Qxc5 Nxc5 19. b3 Nd3 20. Rcd1
Rfd8 21. Be2 Nf4 22. Bc4 N4d5 23. Bxd5 Nxd5 24. Nxd5 exd5 25. Rd4 Kf8 26. Rc1
Rd7 27. Rc5 Rbd8 28. Kf1 Ke7 29. Ke2 Ke6 30. Kd3 a6 31. Ra4 Rd6 32. Rca5 Ra8
33. Kd4 g5 34. Rc5 h5 35. Raa5 Rb8 36. Rxd5 Rxd5+ 37. Rxd5 Rb4+ 38. Kc3 Rxb3+
39. Kxb3 Kxd5 40. Kb4 Kc6 41. Ka5 Kb7 42. g4 hxg4 43. hxg4 Ka7 44. Ka4 Kb6 45.
Kb4 Kc6 46. Kc4 Kd6 47. Kd4 f6 48. Ke4 Ke6 49. a3 Kd6 50. Kf5 Ke7 51. Kg6 Ke6
52. f3 Ke7 53. Kg7 a5 54. a4 Ke6 55. Kf8 Kd6 56. Ke8 Ke6 57. Kf8 Kd6 58. Kf7
Ke5 59. Kg7 Ke6 1/2-1/2

[Event "VI Open A"]
[Site "Genova ITA"]
[Date "2002.08.08"]
[Round "7"]
[White "Di Paolo, Raffaele"]
[Black "Mollero, Michele"]
[Result "1-0"]
[WhiteElo "2319"]
[BlackElo "2153"]
[PlyCount "105"]
[EventDate "2002.08.03"]

1. e4 e6 2. d3 d5 3. Qe2 Be7 4. Nf3 Nf6 5. g3 c5 6. Bg2 Nc6 7. O-O b6 8. Re1
Bb7 9. e5 Nd7 10. h4 Qc7 11. Bf4 h6 12. Nc3 Nf8 13. h5 O-O-O 14. Nb5 Qd7 15.
Bh3 g5 16. Bd2 a6 17. Na3 b5 18. c3 d4 19. c4 b4 20. Nc2 Qc7 21. b3 Nd7 22. a3
a5 23. Ra2 Bf8 24. axb4 axb4 25. Bg2 Bg7 26. Rea1 Ndxe5 27. Nxe5 Bxe5 28. Ra7
Bd6 29. R1a6 Bxa6 30. Rxc7+ Kxc7 31. Qf3 Ne5 32. Qe2 Bb7 33. f4 gxf4 34. Bxf4
Nc6 35. Qd2 f5 36. Bxd6+ Rxd6 37. Qf4 Nd8 38. Qe5 Bxg2 39. Qxh8 Bf3 40. Qxh6
Bg4 41. Qg7+ Rd7 42. h6 Bd1 43. Qe5+ Kc6 44. Nxb4+ cxb4 45. Qb5+ Kc7 46. Qa5+
Kc6 47. Qxb4 Bh5 48. Qb5+ Kc7 49. Qc5+ Kb7 50. b4 Rh7 51. Qxd4 Nf7 52. Qd7+ Kb8
53. c5 1-0

[Event "VI Open A"]
[Site "Genova ITA"]
[Date "2002.08.08"]
[Round "7"]
[White "Ferretti, Folco"]
[Black "Gentile, Claudio"]
[Result "1-0"]
[WhiteElo "2279"]
[BlackElo "2114"]
[PlyCount "77"]
[EventDate "2002.08.03"]

1. c4 e5 2. Nc3 Nc6 3. Nf3 Nf6 4. e3 Be7 5. d4 exd4 6. Nxd4 O-O 7. Be2 d5 8.
Nxc6 bxc6 9. O-O Bd6 10. Bf3 Ba6 11. Qa4 Bxc4 12. Rd1 Qe8 13. Bd2 Qe5 14. g3
Qf5 15. Kg2 Qd7 16. b3 Bb5 17. Nxb5 cxb5 18. Qa5 Ne4 19. Bxe4 dxe4 20. Bb4 Bxb4
21. Qxb4 Qf5 22. Rac1 Rad8 23. Rd4 a5 24. Qd2 Qf3+ 25. Kg1 Rxd4 26. Qxd4 Qe2
27. a4 bxa4 28. bxa4 Qd3 29. Qc5 Ra8 30. Qxc7 h5 31. Qf4 Qd5 32. Kg2 g5 33. Qf6
Re8 34. Rb1 Qe5 35. Qh6 h4 36. Rb5 h3+ 37. Kxh3 Qe6+ 38. Qxe6 Rxe6 39. Rxg5+
1-0

[Event "VI Open A"]
[Site "Genova ITA"]
[Date "2002.08.08"]
[Round "7"]
[White "Kogan, Artur"]
[Black "Scacco, Mauro"]
[Result "1-0"]
[WhiteElo "2530"]
[BlackElo "2070"]
[PlyCount "57"]
[EventDate "2002.08.03"]

1. Nc3 Nf6 2. e4 d6 3. d4 g6 4. Bg5 Bg7 5. Qd2 h6 6. Bf4 c6 7. Nf3 Be6 8. Bd3
Nbd7 9. h3 Qa5 10. a4 g5 11. Be3 g4 12. Nh4 Qh5 13. Nf5 Bxf5 14. exf5 Nb6 15.
Ne2 Nfd5 16. Ng3 Qh4 17. hxg4 Qxg4 18. Be2 Nxe3 19. Bxg4 Nxg4 20. Nh5 Rg8 21.
a5 Nd5 22. c4 Nc7 23. f3 Nf6 24. Nxg7+ Rxg7 25. Rxh6 O-O-O 26. g4 c5 27. O-O-O
Na6 28. g5 Nd7 29. Qe3 1-0

[Event "VI Open A"]
[Site "Genova ITA"]
[Date "2002.08.08"]
[Round "7"]
[White "Sbarra, Marco"]
[Black "Simeoni, Matteo"]
[Result "1-0"]
[WhiteElo "2237"]
[BlackElo "2048"]
[PlyCount "80"]
[EventDate "2002.08.03"]

1. e4 e5 2. Bc4 Nf6 3. d3 Nc6 4. Nc3 Be7 5. f4 exf4 6. Bxf4 d6 7. Nf3 Bg4 8.
Qe2 Ne5 9. Bxe5 Bxf3 10. Qxf3 dxe5 11. Qg3 Qd4 12. O-O-O O-O 13. Rhf1 c6 14.
Rf5 b5 15. Bb3 a5 16. a4 bxa4 17. Nxa4 Ra7 18. Rdf1 Qd8 19. Qxe5 Bd6 20. Qc3
Bb4 21. Qc4 Qe8 22. Qd4 Rd7 23. Qf2 Bd6 24. Nb6 Re7 25. Nc4 Bc7 26. Rg5 Nd7 27.
Ne3 Bb6 28. Qg3 Bxe3+ 29. Qxe3 Ne5 30. Qg3 Ng6 31. h4 Qb8 32. Qxb8 Rxb8 33. h5
Ne5 34. d4 Nd7 35. Rxa5 Rxb3 36. cxb3 Rxe4 37. Ra8+ Nf8 38. Rf5 Rxd4 39. Re5
Rg4 40. Ree8 g6 1-0

[Event "VI Open A"]
[Site "Genova ITA"]
[Date "2002.08.08"]
[Round "7"]
[White "Scavazza, Giampaolo"]
[Black "De Santis, Alessio"]
[Result "0-1"]
[WhiteElo "1902"]
[BlackElo "2243"]
[PlyCount "44"]
[EventDate "2002.08.03"]

1. e4 c5 2. Nf3 e6 3. d4 cxd4 4. Nxd4 a6 5. Nc3 Qc7 6. g3 h5 7. h3 Nf6 8. Bg2
Nc6 9. O-O Bc5 10. Nxc6 bxc6 11. Kh1 a5 12. Na4 Ba7 13. c4 Ba6 14. b3 Rd8 15.
Bd2 d5 16. exd5 cxd5 17. Qe1 Rd7 18. Bxa5 Qb8 19. Nb2 Ng4 20. Bc3 h4 21. hxg4
hxg3+ 22. Kg1 Qd8 0-1

[Event "VI Open A"]
[Site "Genova ITA"]
[Date "2002.08.09"]
[Round "8"]
[White "Astengo, Marcello"]
[Black "Sautto, Daniele"]
[Result "0-1"]
[WhiteElo "2124"]
[BlackElo "2097"]
[PlyCount "62"]
[EventDate "2002.08.03"]

1. d4 Nf6 2. c4 e6 3. Nc3 d5 4. Bg5 Nbd7 5. e3 Be7 6. Nf3 O-O 7. Be2 a6 8. O-O
dxc4 9. Bxc4 b5 10. Bb3 Bb7 11. Qe2 c5 12. Rfd1 Qb6 13. Rac1 h6 14. Bh4 Rfd8
15. Ne5 Rac8 16. f4 cxd4 17. exd4 g6 18. Bf2 Nh5 19. g3 Nxe5 20. fxe5 Qc6 21.
d5 exd5 22. Nxd5 Qxc1 23. Nxe7+ Kf8 24. Rxc1 Rxc1+ 25. Be1 Kxe7 26. e6 f5 27.
Kf2 Nf6 28. Qe3 Ng4+ 29. Ke2 Nxe3 30. Bb4+ Kf6 31. Kxe3 Re8 0-1